书目信息 |
| 题名: |
控制性详细规划
|
|
| 作者: | 夏南凯 , 田宝江 编著 | |
| 分册: | ||
| 出版信息: | 上海 同济大学出版社 2005.07 |
|
| 页数: | 234页 | |
| 开本: | 23cm | |
| 丛书名: | ||
| 单 册: | ||
| 中图分类: | TU984 | |
| 科图分类: | ||
| 主题词: | 城市规划 | |
| 电子资源: | ||
| ISBN: | 7-5608-2965-1 | |
| 000 | 00884nam0 2200241 450 | |
| 001 | 010252829390 | |
| 005 | 20121010163920.15 | |
| 010 | @a7-5608-2965-1@dCNY38.00 | |
| 100 | @a20051025d2005 km y0chiy0120 ea | |
| 101 | 0 | @achi |
| 102 | @aCN@b310000 | |
| 105 | @aa a 000yy | |
| 200 | 1 | @a控制性详细规划@Akong zhi xing xiang xi gui hua@f夏南凯, 田宝江编著@Fxia nan kai,tian bao jiang bian zhu |
| 210 | @a上海@c同济大学出版社@d2005.07 | |
| 215 | @a234页@c图@d23cm | |
| 320 | @a有书目。 | |
| 330 | @a本书是同济大学城市规划系多年来在城市规划理论研究和教学实践中的经验总结,该书系统完整地阐述了控制性详细规划的起源,发展,编制及实施,其图文并茂的形式对城市规划专业本科生有较高的参考价值。 | |
| 606 | 0 | @a城市规划 |
| 690 | @aTU984@v4 | |
| 701 | 0 | @a夏南凯@Axia nan kai@4编著 |
| 701 | 0 | @a田宝江@Atian bao jiang@4编著 |
| 801 | 0 | @aCN@bQSSK@c20051110 |
| 905 | @a10447@dTU984@eX195 | |
| 控制性详细规划/夏南凯, 田宝江编著.-上海:同济大学出版社,2005.07 |
| 234页:图;23cm |
| ISBN 7-5608-2965-1:CNY38.00 |
| 本书是同济大学城市规划系多年来在城市规划理论研究和教学实践中的经验总结,该书系统完整地阐述了控制性详细规划的起源,发展,编制及实施,其图文并茂的形式对城市规划专业本科生有较高的参考价值。 |
| ● |
| 相关链接 |
|
|
|
正题名:控制性详细规划
索取号:TU984/X195
 
预约/预借
| 序号 | 登录号 | 条形码 | 馆藏地/架位号 | 状态 | 备注 |
| 1 | 487362 | 204873627 | 建筑库201/201建筑库 61排3列3层/ [索取号:TU984/X195] | 在馆 | |
| 2 | 524031 | 205240318 | 建筑库201/201建筑库 61排3列3层/ [索取号:TU984/X195] | 在馆 | |
| 3 | 524032 | 205240327 | 建筑库201/ [索取号:TU984/X195] | 在馆 | |
| 4 | 524033 | 205240336 | 建筑库201/201建筑库 61排3列3层/ [索取号:TU984/X195] | 在馆 |